000 00953nam2a22002651 4500
001 v19\rc\1841830
005 20251118180021.2
035 _a(NLR Aleph) 004935263
090 _a5722756
_c5722756
100 _a20071224d1916 u y0rusy50 ca
101 0 _arus
102 _aRU
105 _ay z |||||
200 0 _aза 1914-1915 учебный год
210 _d1916
215 _a31 с.
461 0 _1001v19\rc\1841823
_12001#$aОтчет...$fСестрорец. коммерч. уч-ще$vза 1914-1915 учебный год
_95722687
_aСестрорецкое коммерческое уч-ще
_cСанкт-Петербург
_d1908-1916
_fСестрорец. коммерч. уч-ще
_tОтчет...
_vза 1914-1915 учебный год
801 0 _aRU
_bNLR
_gpsbo
801 0 _aRU
_bRuMoRGB
_2psbo
801 1 _aRU
_bProSoft-M
_2rusmarc
852 _aNLR
_j17.140.4.28(2)
899 _aБАН
942 _cBOOK
980 _aNB